Riconosci il Pokémon - Quiz n°399 - Statistics

Statistiche generali
  • Questo quiz è stato fatto 5 volte
  • Il punteggio medio è 2 su 10
Statistiche sulle risposte
Indizio Risposta % Corretto
Generazione Settima
100%
Tipo Fuoco / Spettro
67%
Stadio evoluzione Non si evolve
33%
Peso 13,0 kg
0%
Altezza 1,8 m
0%
Tasso di cattura 30 (8.8%)
0%
Pokémon Blacephalon
0%
Tasso di allevamento Medio-Veloce
0%
Sesso Sconosciuto
0%
Abilità Ultraboost
0%
Nessun quiz corrispondente trovato
Distribuzione punteggi
Percentuale di utenti per punteggio
Percentile per numero di risposta
I tuoi punteggi nel tempo
Non hai fatto questo quiz